000 00592cam a22002053a 4500
001 41895
003 PGUSA
005 20140828083938.0
008 130121s2013||||xxu|||||s|||||000 | eng d
040 _aPGUSA
_beng
042 _adc
100 1 _aThurston, E. Temple
_q(Ernest Temple),
_d1879-1933
245 1 4 _aThe Green Bough
_h[electronic resource] /
_cE. Temple Thurston
260 _bProject Gutenberg,
_c2013
506 _aPublic domain in the USA.
516 _aElectronic text
830 0 _aProject Gutenberg
_v41895
856 4 0 _uhttp://www.gutenberg.org/ebooks/41895
942 _cEB
999 _c271147
_d271147